| 000 | 00701nam a22002177a 4500 | ||
|---|---|---|---|
| 999 |
_c13971 _d13971 |
||
| 003 | AR-CdUCM | ||
| 008 | 190417b ||||| |||| 00| 0 spa d | ||
| 040 |
_aMUNICIPALIDAD PROVINCIAL DEL CUSCO _cBIBLIOTECA MUNICIPAL DEL CUSCO |
||
| 082 |
_aES / 800 / _bAL36 |
||
| 100 |
_aAlcott, Louisa May _9851 |
||
| 245 | _aMujercitas / | ||
| 260 |
_aBarcelona : _bI.D.A.G., _c1963. |
||
| 300 |
_a202 páginas ; _bIlustraciones, _c21 cm. |
||
| 440 |
_aColección Auriga, serie Rosa _930773 |
||
| 505 | _aContenido: Mujercitas. | ||
| 650 |
_aLiteratura Estadounidense _931137 |
||
| 650 |
_aNovelas juveniles estadounidenses _932618 |
||
| 650 |
_aSiglo XX _98 |
||
| 942 |
_2ddc _cLIBROS |
||
| 945 |
_acmm _d2019-04-17 |
||